000 00666nam a22002057a 4500
999 _c17251
_d17251
003 AR-CdUCM
008 190507b ||||| |||| 00| 0 spa d
040 _aMUNICIPALIDAD PROVINCIAL DEL CUSCO
_cBIBLIOTECA MUNICIPAL DEL CUSCO
082 _a335.4 /
_bB46
100 _aBesteiro, Julian
_936217
245 _aEl marxismo y la actualidad política :
_bmarxismo 1933 /
260 _aBuenos Aires :
_bClaridad.
300 _a79 páginas ;
_c17 cm.
505 _aContenido: El marxismo y la actualidad política -- Marxismo 1933.
650 _aMarxismo
_924
650 _aPolítica
_9291
650 _aSiglo XX
_98
942 _2ddc
_cLIBROS
945 _aachl
_d2019-05-07